000 00711nam a2200217 u 4500
005 20240809063745.0
008 160727s2007 ca r 000 0 spa d
020 _a9789802573332
035 _aUPN01000211942
049 _aI
050 4 _aPZ76.3
_bK7.28
100 1 _aKromhout, Rindert,
_d1958-
_936702
245 1 0 _aBurrito y gallina /
_cRindert Kromhout ; tr. Carmen Diana Dearden ; il. Annemarie van Haeringen.
260 _aCaracas :
_bEkaré,
_c2007.
300 _a[24] p. :
_bil. col.
534 _pTítulo original:
_tKleine Ezel en de oppas
650 7 _aAnimales
_vLiteratura infantil
_2
_91061
650 4 _aDisciplina de niños
_914102
650 4 _aConducta infantil
_95683
905 _aInfantil
999 _c184043
_d184043